000
00250nam a22000857a 4500
008
170131b xxu||||| |||| 00| 0 eng d
100
_9
2709
_a
Wilson. D. L
245
_a
Take My Hands- The Remarkaple Strory Of Dr. Many Vargeese
260
_a
Chennai
_b
ELS
_c
2001
999
_c
5872
_d
5872